00923nam a2200241 450000100060000000300080000600500170001400800410003103500190007204000320009104100080012308200200013110000290015124500650018026000350024530000210028050400500030165000230035194200120037499900170038695201390040395201390054228585BD-RjUL20211209051313.0140331t1958 ne b 001 0 eng d a(BD-RjUL)28666 aDLCcCLEdEQOdBD-RjULbeng aeng00a297.8bZIS 19581 aZiadeh, Nicola A.98281610aSanūsīyah :ba study of a revivalist movement in Islam / aLeiden :bE. J. Brill,cc1958. a148 p. ;c24 cm. aincludes Bibliographical reference and index. 0aSenussites.987543 2ddccBK c28585d28585 00102ddc40728NFICaRUCLbRUCLcReadingd1963-12-23eZeitlingerg23.00l0o297.8 ZIS 1958r2014-03-31 00:00:00tC-1w2014-03-31yBK 00102ddc40708NFICaRUCLbRUCLcStackd1967-02-14eMohd Ashraf g18.00l0o297.8 ZIS 1958r2014-03-31 00:00:00tC-3w2014-03-31yBK